000 01164nam a22003497a 4500
003 CHAP
005 20220329141533.0
008 971013s1986 r 00010 d
010 _a69797
011 _a70769
035 _a80322
040 _cCHAP
082 _a631.3
_bK5
100 0 0 _aKlenin, N. I.
_963447
245 _aAgricultural machines
_b: theory of operation computation of controlling parameters and the conditions of operation
260 _aRotterdam :
_bBalkema,
_c1986
300 _a633 p.
_b: ilus. ; gráfs.
490 _aRussian translations series
_v; 31
500 _aD18-77
590 _aBATCH-UPD
_b10
_c20130110
_lUCH01
_h0505
590 _aBATCH-UPD
_b10
_c20130110
_lUCH01
_h2153
590 _aBATCH-UPD
_b10
_c20130410
_lUCH01
_h0143
590 _aBATCH-UPD
_b10
_c20130914
_lUCH01
_h1709
590 _aCONVERSION
_b10
_c20130109
_lUCH01
_h1338
650 1 4 _aMaquinaria agrícola.
_971151
700 0 _aPopov, F.
_990900
700 0 _aSakun, A.
_9101243
830 0 _aRussian translations series
_v; 31
_9100976
901 _aBK
942 _cLIBRO
949 _a631.3 K5
_bBC
_cLIBRO
_d33724000057931
_eLIBRO
_gI.135624
_h71314
_i80322
_si
_t28.53
999 _c69797
_d69797